000 00768nam a2200253 i 4500
001 18435
003 ES-MaACL
005 20250728115737.0
007 t|
008 011106s1997 sp ||||0| spa j
020 _a84-8164-174-X
040 _aM-BN
_bspa
_cM-BN
080 _a330.8
100 1 _aGuerrero, Diego.
_960538
245 1 0 _aHistoria del pensamiento económico heterodoxo /
_cDiego Guerrero.
260 _aMadrid :
_bTrotta,
_c[1997]
300 _a276 p ;
_c23 cm.
490 1 _aColección Estructuras y procesos. Serie Economía
504 _aBibliografía: p. 237-254.
650 1 4 _aEconomía-
_vHistoria.
_912012
830 0 0 _aEstructuras y procesos.
_pEconomía
_9180443
852 _aES-MaACL
_jL-25054
_bR.130368
999 _c18435
_d18435